000 00879nam a2200265Ia 4500
003 OSt
005 20220918171112.0
006 a|||||r|||| 00| 0
007 ta
008 220917b |||||||| |||| 00| 0 eng d
020 _a9781138825758 (hbk)
_cUKP 150.00
024 _a320,269
037 _bP-973/16/17, 07/03/2017, Manohar Publisher & Distributors
_cTextual
040 _aARTS
_cARTS
_beng
041 _2eng
_aeng
082 _aSigma, Q7
100 _aMclntyre Lee Ed.
_934079
245 0 _aRoutledge companion to philosophy of social science
260 _aLondon
_bRoutledge UK
_c2017
300 _axix,453p.
_ccm.
650 _aSOCIAL SCIENCES
700 _a Rosenberg Alex Ed.
_934080
942 _hSigma, Q7
_cTEXL
_2CC
999 _c137856
_d137856